Initiales de pays les moins fréquentes - Erreurs éliminatoires - Statistiques

Statistiques générales
  • Ce quiz a été pris 85 fois
  • Le résultat moyen est 9 sur 12
Statistiques - réponses
# Lettres % Correct
2 Z
95%
0 X
89%
1 Y
89%
0 W
88%
1 Q
85%
2 U
81%
3 J
70%
3 H
68%
4 V
66%
3 F
63%
3 O
63%
3 D
48%
Aucun quiz correspondant
Distribution des résultats
% des personnes avec chaque résultat
Percentile par nombre de réponses
Votre historique - résultats
Vous n’avez pas pris ce quiz